Global issues in language, education and development (Record no. 139488)
[ view plain ]
| 000 -LEADER | |
|---|---|
| fixed length control field | 01927nam a2200457 a 4500 |
| 082 04 - DEWEY DECIMAL CLASSIFICATION NUMBER | |
| Classification number | 306.44/9091724 |
| 100 1# - MAIN ENTRY--AUTHOR NAME | |
| Personal name | Rassool, Naz, |
| 245 10 - TITLE STATEMENT | |
| Title | Global issues in language, education and development |
| 260 ## - PUBLICATION, DISTRIBUTION, ETC. (IMPRINT) | |
| Place of publication | Clevedon [England] ; |
| -- | Buffalo [N.Y.] : |
| Name of publisher | Multilingual Matters Ltd., |
| Year of publication | c2007. |
| 300 ## - PHYSICAL DESCRIPTION | |
| Number of Pages | xii, 291 p. : |
| Other physical details | ill. |
| 490 1# - SERIES STATEMENT | |
| Series statement | Linguistic diversity and language rights ; |
| 650 #0 - SUBJECT ADDED ENTRY--TOPICAL TERM | |
| Topical Term | Language and education |
| Topical Term | Language policy |
| 700 1# - ADDED ENTRY--PERSONAL NAME | |
| Personal name | Canvin, Maggie. |
| Personal name | Heugh, Kathleen. |
| Personal name | Mansoor, Sabiha. |
| 856 40 - ELECTRONIC LOCATION AND ACCESS | |
| Uniform Resource Identifier | http://site.ebrary.com/lib/rucke/Doc?id=10170592 |
No items available.
